Les Cooperatives de producció a la U.R.S.S. : ressenya del viatge d'estudis i de documentació organitzat per la Cambra Consultiva : 16 de juny-3 de juliol de 1935 / Cambra Consultiva de les Associacions Obreres de Producció de París ressenya del viatge d'estudis i de documentació organitzat per la Cambra Consultiva :
Descripción Física:
151 p., [8] làm. ; 21 cm
Materias:
Cooperatives -- Rússia
MARC
| LEADER | 00000nam a2200000Ia 4500 | ||
|---|---|---|---|
| 001 | 1208 | ||
| 008 | 160829s1937 xx 000 0 cat d | ||
| 080 | |a M-2-297 | ||
| 245 | |a Les Cooperatives de producció a la U.R.S.S. : |b ressenya del viatge d'estudis i de documentació organitzat per la Cambra Consultiva : |b 16 de juny-3 de juliol de 1935 / Cambra Consultiva de les Associacions Obreres de Producció de París | ||
| 260 | |a Barcelona : |b G.I. de Cooperatives d'Arts Gràfiques, |c 1937 | ||
| 300 | |a 151 p., [8] làm. ; |c 21 cm | ||
| 650 | |a Cooperatives |x Rússia |9 26466 | ||
| 700 | |a Cambra Consultiva de les Associacions Obreres de Producció de París |9 26467 | ||
| 901 | |a Arxiu | ||
| 942 | |n 1 | ||
| 952 | |0 0 |1 0 |4 0 |6 M2297 |7 1 |9 43991 |a Arxiu |b Arxiu |d 2016-12-01 |l 0 |o M-2-297 |p 1208 |r 2016-12-01 00:00:00 |w 2016-12-01 |y ARXIU | ||
| 999 | |c 46571 |d 46571 | ||